| 000 | 00408cam a22001097a 4500 | ||
|---|---|---|---|
| 008 | 180718b xxu||||| |||| 00| 0 eng d | ||
| 082 | _aA8x5442 H | ||
| 100 | _aMaharashtra. Directorate of Economics and Statistics | ||
| 245 |
_aHandbook of basic statistics of Maharashtra state _cby Directorate of Economics and Statistics |
||
| 260 |
_aBombay _bGovernment of Maharashtra _c |
||
| 500 | _aLibrary has 1975, 1987, 1990 | ||
| 999 |
_c503477 _d503477 |
||